| 000 | 00668nam a2200241 a 4500 | ||
|---|---|---|---|
| 999 |
_c5094 _d5094 |
||
| 001 | 5094 | ||
| 003 | BD-JhCC | ||
| 005 | 20171209105630.0 | ||
| 008 | 171209s2008 bg a|||| || | 001 0 eng d | ||
| 035 | _a(BD-JhCC)5094 | ||
| 040 |
_aBD-JhCC _dBD-JhCC |
||
| 041 | _aeng | ||
| 082 |
_a515.33 _bMOH 2008 |
||
| 100 | _aMohammad, Khosh | ||
| 245 |
_aA Text Book on Differential Calculus / _cKhosh Mohammad, P.K. BHattacharjee & Md. Abdul Latif |
||
| 260 |
_aDhaka : _bGonith Prokashon, _c2008. |
||
| 300 |
_a385 p. : _c23 cm. |
||
| 650 | _aDifferential Calculus | ||
| 700 | _aBhattacharjee, P. K. | ||
| 700 | _aLatif, Md. Abdul | ||
| 942 |
_2ddc _cBK |
||